000
00278nam a2200109Ia 4500
001
1276042
005
20260417160439.0
008
260417s9999 xx 000 0 und d
020
_a
9786255998781
245
0
_a
Benimle Kim Oynayacak?
_c
Bassant İbrahim
260
_b
Ketebe Çocuk
999
_c
1276042
_d
1276042